| 000 | 01756cam a22004694i 4500 | ||
|---|---|---|---|
| 003 | PE-LiUPU | ||
| 005 | 20250731173530.0 | ||
| 008 | 150616s1994 xxu rb 000 0 eng d | ||
| 020 | _a0805410449 | ||
| 035 | _a(Sirsi) i9780805410440 | ||
| 040 |
_aPE-LiUPU _bspa _cPE-LiUPU _erda |
||
| 049 | _aPRUA | ||
| 082 | 0 | 4 |
_a222.061 _bC31 _221 |
| 100 | 1 |
_aCate, Robert L., _eautor. |
|
| 245 | 1 | 0 |
_aAn Introduction to The Historical Books of the Old Testament / _cRobert L. Cate. |
| 264 | 1 |
_aTennessee : _bBroadman & Holman Publishers, _c1994. |
|
| 300 |
_a175 páginas ; _c24 centímetros |
||
| 336 |
_atext _2rdacontent |
||
| 337 |
_aunmediated _2rdamedia |
||
| 338 |
_avolume _2rdacarrier |
||
| 504 | _aIncluye bibliografía. | ||
| 505 | 0 | _aThe book of Joshua -- The book of Judges -- The book of Ruth -- The book of 1 and 2 Samuel -- The book of 1 and 2 Kings -- The book of 1 and 2 Cronicles -- The book of Ezra and Nehemiah -- The book of Esther -- The message of the history books. | |
| 526 | _aSEG42 | ||
| 526 | _aSEG41 | ||
| 526 | _aSEG40 | ||
| 526 | _aSEG39 | ||
| 526 | _aP94 | ||
| 526 | _aP87 | ||
| 526 | _aP86 | ||
| 526 | _aP85 | ||
| 526 | _aP77 | ||
| 526 | _aP76 | ||
| 526 | _aP35 | ||
| 630 | 0 | 4 |
_aBiblia. _pA.T. _pLibros históricos _xIntroducciones. |
| 910 |
_ajck _bjvq _cjck |
||
| 942 |
_2ddc _cBOOK |
||
| 949 |
_a222.061 C31 _wDEWEY _c1 _i42251 _lCCODEBUL1 _mBUL _r0 _sY _tBOOK _u2015-6-16 _xTEOLOGIA _zUNKNOWN _0COMPRA _o.STAFF. Colección Teología |
||
| 994 |
_aC0 _bPEPRU |
||
| 596 | _a1 | ||
| 999 |
_a222.061 C31 _wDEWEY _c60083 _i42251 _f2021-11-9 _g5 _lCCODEBUL1 _mBUL _p20.00 _r0 _sY _tBOOK _u2015-6-16 _xTEOLOGIA _PP35 _0COMPRA _o.STAFF. Colección Teología _d60083 |
||
| 980 |
_81 _gALBERTO SANCHEZ Responsable de Automatización |
||